000
00234nam a22001097a 4500
082
_a
621.384 THO'E
100
_a
THOMSON, J
_9
41582
245
_a
ELECTRONICS
250
_a
VOL-3
260
_a
LONDON
_b
HER MEJESTY'S
_c
1955
942
_c
BK
999
_c
569092
_d
569092